000 00641nam a2200229Ia 4500
001 2165
005 20240113233531.0
007 ta
008 050221s1915 a g b000 u eng u
040 _aRef. stack
041 _aeng
082 _a614.07806
_bAs 72 An
100 _aYoung, T. C. Mc Combie .
245 0 _aAnnual sanitary report o fhte province of Assam for the year 1915 /
_cT. C. McCombie Young.
_hReports
250 _a1st ed /
260 _aShillong :
_bAssam Secretariat ,
_c1915.
300 _a42p. :
_bill ;
_c32cm .
653 _aReport - sanitary - Assam
942 _2ddc
_cBK
999 _c2158
_d2158